movie Franchises - Statistics

General Stats
  • This quiz has been taken 17 times
  • The average score is 18 of 59
Answer Stats
Hint Answer % Correct
1977-Present Star Wars
92%
2012-Present Avengers
75%
1966- Present Batman
67%
2001-2011 Harry Potter
67%
2008-2013 Iron Man
67%
2009- Present Avatar
58%
2011-2016 Captain America
58%
2002-Present Spider-Man
58%
1979-2016 Star Trek
58%
1995-Present Toy Story
58%
2006-2017 Cars
50%
2012- Present The Hunger Games
50%
1979- Present Alien
42%
2001-2023 Fast & Furious
42%
1978-2022 Halloween
42%
1993-Present Jurassic Park
42%
1996-Present Scream
42%
1978-Present Superman
42%
2001-2003 The Lord Of The Rings
42%
2011-2022 Thor
42%
2016-2024 Deadpool
33%
2016- Present Doctor Strange
33%
2014-2023 Guardians Of The Galaxy
33%
1975-1987 Jaws
33%
2003-2017 Pirates Of The Caribbean
33%
1986-Present Transformers
33%
1985-1990 Back To The Future
25%
2018- Present Black Panther
25%
1982-2017 Blade Runner
25%
1988-2019 Childs Play
25%
2000-2025 Final Destination
25%
1980-2009 Friday The 13th
25%
1954-Present Godzilla
25%
2010-Present How To Train Your Dragon
25%
1933-Present King Kong
25%
1987-Present Predator
25%
2012-2014 The Hobbit
25%
1984-2010 a Nightmare On Elm Street
17%
2021- Present Dune
17%
1981- Present Evil Dead
17%
2010-2023 Expendables
17%
2017- Present It
17%
2008-2024 Kung Fu Panda
17%
1996-2025 Mission Impossible
17%
2001-Present Shrek
17%
2014-2023 The Equalizer
17%
1999-2021 The Matrix
17%
1984-2019 The Terminator
17%
2008-2012 Twilight
17%
1988-2013 Die Hard
8%
2002-Present Ice Age
8%
1995-Present Jumanji
8%
1987-1998 Lethal Weapon
8%
1997-2019 Men In Black
8%
1968-2024 Planet Of The Apes
8%
2004-2023 Saw
8%
1999-2017 The Mummy
8%
2014-2025 Jonn Wick
0%
1987-2014 Robocop
0%
No matching quizzes found
Score Distribution
Percent of People with Each Score
Percentile by Number Answered
Your Score History
You have not taken this quiz